000 00590nam a22001817a 4500
005 20241204090027.0
008 231123b |||||||| |||| 00| 0 eng d
020 _a9991622535
041 _aEnglish
082 _a342 BUK
100 _aBukurura, SH
_lEnglish
245 _aEssays on Constitutionalism and the Administration of Justice in Namibia 1990-2002 /
_cSH Bukurura
250 _aFirst Edition
260 _aWindhoek :
_bOut of Africa Publishers,
_c2002
300 _bx, 159 pages ;
_c22 cm.
650 _aLegal practice
_bLaw
942 _cBK
_6ALISON_BN_VRIES
999 _c882
_d882